| 000 | 01076cam a2200313 a 4500 | ||
|---|---|---|---|
| 001 | 2307 | ||
| 005 | 20250827150220.0 | ||
| 020 | _a043909867X | ||
| 020 | _a9780439098670 | ||
| 040 |
_aDLC _cDLC _dDLC _beng |
||
| 050 | 0 | 0 |
_aE312.66 _b.J29 2000 |
| 082 | 0 | 0 |
_a973.4/092 _aB _221 |
| 100 | 1 | _aJackson, Garnet | |
| 245 | 1 | 0 |
_aGeorge Washington : _bour first president / _cby Garnet Jackson ; illustrated by Cornelius van Wright and Ying-Hwa Hu. |
| 250 | _aThis edition printing, May 2008 | ||
| 260 |
_aNew York : _bScholastic, _c2000 |
||
| 300 |
_a29 unnumbered pages : _billustrations _c23 cm |
||
| 500 | _a"Cartwheel books." | ||
| 505 | _aK | ||
| 520 | _aA simple biography of George Washington, the first president of the United States. | ||
| 521 |
_a600 _bLexile |
||
| 521 |
_aK _bRaz-Plus |
||
| 650 | 0 |
_aPresidents _zUnited States _vBiography _vJuvenile literature. |
|
| 650 | 1 | _aPresidents. | |
| 700 | 1 |
_aVan Wright, Cornelius _eco-illustrator |
|
| 700 | 1 |
_aHu, Ying-Hwa, _eco-illustrator |
|
| 906 |
_a7 _bcbc _corignew _d1 _eocip _f19 _gy-gencatlg |
||
| 942 |
_2ddc _cBK _n0 |
||
| 999 |
_c2307 _d2307 |
||